<?xml version="1.0" encoding="UTF-8"?>
<record
    xmlns:xsi="http://www.w3.org/2001/XMLSchema-instance"
    xsi:schemaLocation="http://www.loc.gov/MARC21/slim http://www.loc.gov/standards/marcxml/schema/MARC21slim.xsd"
    xmlns="http://www.loc.gov/MARC21/slim">

  <leader>00893nam a22002177a 4500</leader>
  <controlfield tag="005">20110905093839.0</controlfield>
  <datafield tag="010" ind1=" " ind2=" ">
    <subfield code="a">G-001293</subfield>
  </datafield>
  <datafield tag="020" ind1=" " ind2=" ">
    <subfield code="a">8187077719</subfield>
    <subfield code="c">120.00</subfield>
  </datafield>
  <datafield tag="035" ind1=" " ind2=" ">
    <subfield code="a">G-001293</subfield>
  </datafield>
  <datafield tag="037" ind1=" " ind2=" ">
    <subfield code="b">Gift </subfield>
  </datafield>
  <datafield tag="082" ind1=" " ind2=" ">
    <subfield code="a">133.5</subfield>
  </datafield>
  <datafield tag="100" ind1=" " ind2=" ">
    <subfield code="a">Saint-German, Comte C.</subfield>
    <subfield code="9">34247</subfield>
  </datafield>
  <datafield tag="245" ind1=" " ind2=" ">
    <subfield code="a">Practical astrology :</subfield>
    <subfield code="c">by Comte C. Saint-German, </subfield>
    <subfield code="b">a simple method of casting horoscopes, the language of the stars easily comprehended /</subfield>
  </datafield>
  <datafield tag="260" ind1=" " ind2=" ">
    <subfield code="a">New Delhi</subfield>
    <subfield code="b">Ajay Book Service </subfield>
    <subfield code="c">2010</subfield>
  </datafield>
  <datafield tag="270" ind1=" " ind2=" ">
    <subfield code="b">New Delhi</subfield>
    <subfield code="a">4215/1, Ansari Road, Darya Ganj,</subfield>
    <subfield code="e">110002</subfield>
  </datafield>
  <datafield tag="300" ind1=" " ind2=" ">
    <subfield code="a">219p. :</subfield>
    <subfield code="c">24cm (pbk) )</subfield>
    <subfield code="b">ill;</subfield>
  </datafield>
  <datafield tag="650" ind1=" " ind2=" ">
    <subfield code="a">Astrology</subfield>
    <subfield code="9">34248</subfield>
  </datafield>
  <datafield tag="942" ind1=" " ind2=" ">
    <subfield code="2">ddc</subfield>
    <subfield code="c">EN</subfield>
    <subfield code="h">133.5</subfield>
    <subfield code="m">SAI</subfield>
  </datafield>
  <datafield tag="999" ind1=" " ind2=" ">
    <subfield code="c">56247</subfield>
    <subfield code="d">56247</subfield>
  </datafield>
  <datafield tag="952" ind1=" " ind2=" ">
    <subfield code="0">0</subfield>
    <subfield code="1">0</subfield>
    <subfield code="4">0</subfield>
    <subfield code="7">0</subfield>
    <subfield code="8">NFIC</subfield>
    <subfield code="a">JP</subfield>
    <subfield code="b">JP</subfield>
    <subfield code="d">2011-09-05</subfield>
    <subfield code="e">bppd/gift</subfield>
    <subfield code="g">120.00</subfield>
    <subfield code="l">21</subfield>
    <subfield code="m">3</subfield>
    <subfield code="o">133.5 SAI</subfield>
    <subfield code="p">G-001293</subfield>
    <subfield code="r">2025-07-16 00:00:00</subfield>
    <subfield code="s">2025-07-01</subfield>
    <subfield code="t">1</subfield>
    <subfield code="v">120.00</subfield>
    <subfield code="w">2011-09-05</subfield>
    <subfield code="y">EN</subfield>
  </datafield>
</record>
